LEADER 01319nam a2200277 4500 001 000000349839 003 CaOOAMICUS 005 20250530104308.0 008 220330s2008 it 000 u ita r 020 $a88-7961-118-6 040 $aSeMil$bita 100 1 $aAmerise, Marilena,$d<1975-2009>.$0(OLS)http://semarc/name/62388 245 10$aGirolamo e la senectus :$betà della vita e morte nell'epistolario /$cMarilena Amerise. 264 1$aRoma :$bInstitutum Patristicum Augustinianum,$c2008. 300 $a136 p. ;$c24 cm 490 1 $aStudia ephemeridis Augustinianum ;$v109 650 4$aSenilità - Meditazioni.$0(OLS)http://semarc/subject/51564 650 4$aGirolamo - Lettere e carteggi.$0(OLS)http://semarc/subject/34344 830 0$aStudia ephemeridis Augustinianum ;$v109.$0(OLS)http://semarc/title/613 850 $aSeMil 852 $aSeMil$W1$xVenegono$y1$m2UA J 109$j242443$B240877$CSeMilBibl$Z2$F240877 $81 961 $aPerego don Stefano - Omaggio 996 $6020$a88-7961-118-6$9(OLS)http://semarc/number/295574 996 $6245$aGirolamo e la senectus :$betà della vita e morte nell'epistolario$9(OLS)http://semarc/title/439482 996 $6264$aRoma :$bInstitutum Patristicum Augustinianum$9(OLS)http://semarc/publisher/29850 LEADER 01203nam a2200253 i 4500 001 000000207243 003 CaOOAMICUS 005 20250513121534.0 008 111025s1965 it u000 u ita u 013 $a186020 040 $aSeMil$bita 100 1 $aLuzzato, Gino,$d<1878-1964>.$0(OLS)http://semarc/name/73688 245 10$aBreve storia economica dell'Italia medievale :$bdalla caduta dell'Impero romano al principio del Cinquecento /$cGino Luzzato. 264 1$aTorino :$bPiccola Biblioteca Einaudi,$c1965. 300 $a223 p. ;$c19 cm. 490 1 $aPiccola biblioteca Einaudi ;$v57 650 4$aItalia - Economia - Storia - Medioevo.$0(OLS)http://semarc/subject/13832 830 0$aPiccola biblioteca Einaudi ;$v57.$0(OLS)http://semarc/title/11221 850 $aSeMil 852 $aSeMil$W1$xVenegono$y1$m3T I 28$j157706$B157706$CSeMilBibl$Z2$F171583 $81 961 $aOmaggio: Ballarini mons. Marco 996 $6245$aBreve storia economica dell'Italia medievale :$bdalla caduta dell'Impero romano al principio del Cinquecento$9(OLS)http://semarc/title/299721 996 $6264$aTorino :$bPiccola Biblioteca Einaudi$9(OLS)http://semarc/publisher/34351